| 000 | 00698nam a22002297a 4500 | ||
|---|---|---|---|
| 001 | 13945 | ||
| 003 | BD-JhCC | ||
| 005 | 20240518130726.0 | ||
| 008 | 171005s2012 bg |||| ||a| 000 0 ben d | ||
| 020 | _a97898483831982 | ||
| 035 | _a(BD-JhCC)13945 | ||
| 040 |
_aBD-JhCC _dBD-JhCC |
||
| 041 | _aben | ||
| 082 |
_a891.443 _bRSH 2012 |
||
| 100 | _aরশীদ, শুজা | ||
| 245 |
_aভুল করেছি ভালোবেসে / _cশুজা রশীদ |
||
| 260 |
_aঢাকা: _bসৃজনী প্রকাশনী; _c২০১২. |
||
| 300 |
_a৮৮ পৃ.: _c২২ সেমি. |
||
| 650 | _aBangali Novel | ||
| 942 |
_2ddc _cBK |
||
| 999 |
_c13945 _d13945 |
||